01163nam a2200265Ia 4500001000600000003000900006008004100015040001300056040001300069041001300082100001700095100002900112240005500141240003500196245005200231245005000283250001100333260000900344260001100353260004900364300004300413500037500456650003500831650003100866 1177IT-RoPAU130308s9999 xx 000 0 und d aIT-RoPAU cIT-RoPAU aITALIANO aGritti Jules gCodice Aut. SPICS: 5792 aEVENEMENT (L')-TECHNIQUES D'ANALYSE DE L'EVENEMENT gCodice Tit. Orig. Spics: 5698 aAttualità (L')-Una interpretazione cristiana  bAttualita' (L')-Una Interpretazione Cristiana a1a ed. aROMA bCoines c1972 [1° Ed.:1972 - Ed.Ling.Originale:1969] a"142 p. (prefazione: no ; testo: 142)" aRisonanze ideologiche Dinamica dei Discorsi e dei Racconti Rivoluzione Tregue di Natale dal Presepe Alla Luna Crisi Monetaria Catastrofi nel Cielo e nel mare Cecoslovacchia cine Urss Personaggi Martine Carol Morte del Cardinal Veuillot sacrificio del Pastore Luther King Jackie Onassis Spirito e Tecniche dell'intervista Pubblicità ritmi dei Giovani e ritmi del Cinema aSAGGI DI COMUNICAZIONE SOCIALE eCodice materia Spics: 3807